[Event "Oberliga Nord O 2122"]
[Site "Germany"]
[Date "2022.05.01"]
[Round "9.1"]
[White "Weber, Max"]
[Black "Aliavdin, Nikolai"]
[Result "1/2-1/2"]
[WhiteElo "2238"]
[BlackElo "2321"]
[PlyCount "44"]
[EventDate "2021.10.31"]
[EventType "team-tourn"]
[EventRounds "9"]
[EventCountry "GER"]
[SourceTitle "EXT 2023"]
[Source "ChessBase"]
[SourceDate "2022.10.05"]
[SourceVersion "1"]
[SourceVersionDate "2022.10.05"]
[SourceQuality "1"]
[WhiteTeam "Greifswald"]
[BlackTeam "Forster"]
[WhiteTeamCountry "GER"]
[BlackTeamCountry "GER"]

1. Nf3 Nf6 2. c4 e6 3. g3 d5 4. d4 Be7 5. Bg2 0-0 6. 0-0 dxc4 7. Ne5 Nc6 8. Bxc6 bxc6 9. Nxc6 Qe8 10. Nxe7+ Qxe7 11. Qa4 e5 12. dxe5 Qxe5 13. Qxc4 Be6 14. Qc2 Bf5 15. Qd2 Rfe8 16. Nc3 Ne4 17. Nxe4 Qxe4 18. Re1 Bg4 19. Qc3 Bxe2 20. Be3 Qf3 21. Bd4 Qxc3 22. Bxc3 c5 1/2-1/2

[Event "GER-CupT 2122 prel3"]
[Site "Brandenburg"]
[Date "2022.03.26"]
[Round "2.1"]
[White "Weber, Max"]
[Black "Rehberg, Raphael"]
[Result "1-0"]
[WhiteElo "2238"]
[BlackElo "2202"]
[PlyCount "119"]
[EventDate "2022.03.26"]
[EventType "team-k.o."]
[EventRounds "2"]
[EventCountry "GER"]
[SourceTitle "EXT 2023"]
[Source "ChessBase"]
[SourceDate "2022.10.05"]
[SourceVersion "1"]
[SourceVersionDate "2022.10.05"]
[SourceQuality "1"]
[WhiteTeam "Greifswald"]
[BlackTeam "Brandenburg"]
[WhiteTeamCountry "GER"]
[BlackTeamCountry "GER"]

1. Nf3 d5 2. d4 Nf6 3. c4 e6 4. g3 Be7 5. Bg2 0-0 6. 0-0 dxc4 7. Qc2 a6 8. a4 Bd7 9. Rd1 Bc6 10. Nc3 Bb4 11. Na2 Be7 12. Nc3 Bb4 13. Bg5 Bxc3 14. bxc3 Be4 15. Qa2 b5 16. Ne5 Bxg2 17. Kxg2 Qd5+ 18. f3 Nbd7 19. e4 Qb7 20. Bxf6 Nxf6 21. Rab1 c5 22. Qxc4 Qxe4 23. fxe4 bxc4 24. Kf3 Rfc8 25. d5 exd5 26. exd5 Re8 27. Nxc4 Re4 28. Nb6 Rae8 29. d6 Re2 30. Nd5 Nxd5 31. Rxd5 R8e3+ 32. Kg4 h5+ 33. Rxh5 g6 34. Rd5 Re8 35. d7 Rd8 36. Rbd1 Re7 37. Rxc5 Rexd7 38. Rxd7 Rxd7 39. c4 Rd6 40. Kf4 Kf8 41. Rc7 Re6 42. h4 Kg7 43. c5 Re1 44. c6 a5 45. Ra7 Rc1 46. c7 Kf6 47. Ke4 Ke6 48. g4 Rc4+ 49. Kd3 Rc1 50. h5 gxh5 51. gxh5 Kd7 52. Rxa5 Kxc7 53. Ra7+ Kb6 54. Rxf7 Rh1 55. Rf5 Rh4 56. a5+ Kb7 57. Ke3 Kc6 58. Kf3 Kd6 59. Kg3 Rh1 60. a6 1-0

[Event "GER-ch"]
[Site "Magdeburg"]
[Date "2020.08.20"]
[Round "7"]
[White "Weber, Max"]
[Black "Schulz, Lukas"]
[Result "1/2-1/2"]
[WhiteElo "2243"]
[BlackElo "2293"]
[PlyCount "76"]
[EventDate "2020.08.16"]
[EventType "swiss"]
[EventRounds "9"]
[EventCountry "GER"]
[SourceTitle "CBM 197 Extra"]
[Source "ChessBase"]
[SourceDate "2020.09.30"]
[SourceVersion "1"]
[SourceVersionDate "2020.09.30"]
[SourceQuality "1"]

1. Nf3 Nf6 2. c4 g6 3. Nc3 Bg7 4. e4 d6 5. d4 0-0 6. Be2 e5 7. 0-0 Nc6 8. dxe5 dxe5 9. Bg5 Be6 10. Qxd8 Nxd8 11. Bxf6 Bxf6 12. Nd5 Bxd5 13. cxd5 c6 14. Rfd1 cxd5 15. exd5 Rc8 16. Rac1 Rxc1 17. Rxc1 e4 18. Nd2 Bxb2 19. Rb1 Be5 20. Nxe4 b6 21. Ba6 f5 22. Ng5 Re8 23. Kf1 Bd6 24. h3 Kg7 25. Re1 Rxe1+ 26. Kxe1 Bc5 27. Ke2 h6 28. Ne6+ Nxe6 29. dxe6 Kf6 30. Bc4 Ke5 31. Kd3 Ba3 32. Ke3 Kd6 33. f3 Kc6 34. g4 Bc5+ 35. Kf4 Bd6+ 36. Ke3 Bc5+ 37. Kf4 Bd6+ 38. Ke3 Bc5+ 1/2-1/2

[Event "GER-ch"]
[Site "Magdeburg"]
[Date "2020.08.19"]
[Round "5"]
[White "Weber, Max"]
[Black "Ehmann, Thilo"]
[Result "0-1"]
[WhiteElo "2243"]
[BlackElo "2329"]
[PlyCount "134"]
[EventDate "2020.08.16"]
[EventType "swiss"]
[EventRounds "9"]
[EventCountry "GER"]
[SourceTitle "CBM 197 Extra"]
[Source "ChessBase"]
[SourceDate "2020.09.30"]
[SourceVersion "1"]
[SourceVersionDate "2020.09.30"]
[SourceQuality "1"]

1. Nf3 c5 2. c4 Nf6 3. Nc3 d5 4. cxd5 Nxd5 5. e4 Nb4 6. Bc4 Nd3+ 7. Ke2 Nf4+ 8. Kf1 Ne6 9. b4 g6 10. bxc5 Bg7 11. Bb2 0-0 12. h4 Nc6 13. h5 Nxc5 14. d4 Nxd4 15. Nd5 Nc6 16. Bxg7 Kxg7 17. Qc1 g5 18. Qxg5+ Kh8 19. h6 Ne6 20. Qe3 f6 21. Rd1 Nc7 22. Be2 Bd7 23. Nd4 Nxd4 24. Qxd4 Nxd5 25. exd5 Qb6 26. Qe4 Qd6 27. Rh4 f5 28. Qd4+ Rf6 29. g3 Kg8 30. Qe3 Raf8 31. Qf4 Qxf4 32. gxf4 Rd6 33. Rd3 Rff6 34. Rdh3 Kf8 35. Bc4 a5 36. a3 b6 37. Rh5 Be8 38. Rg5 Bf7 39. Rd3 Rxh6 40. Rxf5 Rhf6 41. Rxf6 Rxf6 42. Rd4 Ke8 43. Bb5+ Kd8 44. Ke2 Rd6 45. Bc4 e6 46. Ke3 exd5 47. f5 Ke7 48. Bb3 Kf6 49. Kf4 Rc6 50. Rd3 h5 51. Bxd5 Rd6 52. Be4 Rxd3 53. Bxd3 Be8 54. Kg3 b5 55. Kh4 b4 56. axb4 axb4 57. Bc2 Bf7 58. f4 Be8 59. Bb1 b3 60. Bd3 b2 61. Bb1 Bf7 62. Bc2 Bb3 63. Bd3 Bd1 64. Be4 Bg4 65. Bb1 Bxf5 66. Ba2 Bg6 67. f5 Kxf5 0-1

[Event "Oberliga Nord O 1920"]
[Site "Germany"]
[Date "2020.03.01"]
[Round "7.6"]
[White "Weber, Daniel1111"]
[Black "Weber, Max"]
[Result "1/2-1/2"]
[WhiteElo "2123"]
[BlackElo "2246"]
[PlyCount "116"]
[EventDate "2019.09.29"]
[EventType "team-tourn"]
[EventRounds "9"]
[EventCountry "GER"]
[SourceTitle "CBM 195 Extra"]
[Source "ChessBase"]
[SourceDate "2020.05.31"]
[SourceVersion "1"]
[SourceVersionDate "2020.05.31"]
[SourceQuality "1"]

1. d4 Nf6 2. c4 c5 3. d5 b5 4. cxb5 a6 5. f3 axb5 6. e4 Qa5+ 7. Bd2 b4 8. Na3 d6 9. Nc4 Qd8 10. Bg5 Nbd7 11. Bxf6 Nxf6 12. e5 dxe5 13. Nxe5 Qd6 14. f4 g6 15. Bb5+ Bd7 16. Bc4 Bg7 17. Ngf3 0-0 18. 0-0 Rfd8 19. Nc6 Bxc6 20. dxc6 Qxf4 21. Qe2 Ng4 22. Bxf7+ Qxf7 23. Ng5 Qd5 24. Qxg4 Qd4+ 25. Qxd4 Bxd4+ 26. Kh1 Rdc8 27. Rae1 Bf6 28. Ne4 Rxc6 29. a3 bxa3 30. bxa3 c4 31. g4 h6 32. Nxf6+ Rxf6 33. Rxf6 exf6 34. Re6 c3 35. Rxf6 Rc8 36. Rf1 c2 37. Rc1 Kf7 38. Kg2 Ke6 39. Kf2 Ke5 40. Ke3 Rc3+ 41. Kd2 Rxa3 42. Rxc2 Rh3 43. Ke1 Kf4 44. Kf1 Kxg4 45. Kg2 Ra3 46. Rc4+ Kh5 47. h4 Ra2+ 48. Kg3 Ra3+ 49. Kg2 g5 50. hxg5 hxg5 51. Rb4 Ra2+ 52. Kg3 Ra3+ 53. Kg2 Ra2+ 54. Kg3 Ra1 55. Rc4 Rg1+ 56. Kh3 g4+ 57. Kh2 Re1 58. Rc8 Re5 1/2-1/2

[Event "Oberliga Nord O 1920"]
[Site "Germany"]
[Date "2020.01.19"]
[Round "5.5"]
[White "Weber, Max"]
[Black "Sulayev, Daniel"]
[Result "1-0"]
[WhiteElo "2248"]
[BlackElo "2149"]
[PlyCount "91"]
[EventDate "2019.09.29"]
[EventType "team-tourn"]
[EventRounds "9"]
[EventCountry "GER"]
[SourceTitle "CBM 195 Extra"]
[Source "ChessBase"]
[SourceDate "2020.05.31"]
[SourceVersion "1"]
[SourceVersionDate "2020.05.31"]
[SourceQuality "1"]

1. Nf3 g6 2. d4 Nf6 3. c4 Bg7 4. g3 0-0 5. Bg2 c5 6. 0-0 cxd4 7. Nxd4 Nc6 8. Nc3 Nxd4 9. Qxd4 d6 10. Qd3 Rb8 11. Be3 a6 12. Ba7 Ra8 13. Bd4 Bf5 14. e4 Be6 15. f4 Qc8 16. b3 Bh3 17. Rad1 Bxg2 18. Kxg2 Qc6 19. Bxf6 Bxf6 20. Nd5 Rfe8 21. Nxf6+ exf6 22. Qd5 Qxd5 23. Rxd5 Rxe4 24. Rxd6 f5 25. Rf2 Rc8 26. Rc2 Rc7 27. Kf2 Kf8 28. Rd5 Ke7 29. Re2 Rc6 30. Re5+ Re6 31. Rxe6+ Rxe6 32. Rxe6+ fxe6 33. Ke3 Kd6 34. Kd4 a5 35. a3 e5+ 36. fxe5+ Ke6 37. b4 axb4 38. axb4 g5 39. c5 f4 40. gxf4 gxf4 41. Ke4 f3 42. Kxf3 Kxe5 43. Ke3 h6 44. h3 h5 45. h4 Kf5 46. Kd4 1-0

[Event "Oberliga Nord O 1920"]
[Site "Germany"]
[Date "2020.01.18"]
[Round "6.5"]
[White "Schulze Bergcamen, Stefan"]
[Black "Weber, Max"]
[Result "0-1"]
[WhiteElo "2022"]
[BlackElo "2248"]
[PlyCount "74"]
[EventDate "2019.09.29"]
[EventType "team-tourn"]
[EventRounds "9"]
[EventCountry "GER"]
[SourceTitle "CBM 195 Extra"]
[Source "ChessBase"]
[SourceDate "2020.05.31"]
[SourceVersion "1"]
[SourceVersionDate "2020.05.31"]
[SourceQuality "1"]

1. Nf3 Nf6 2. g3 g6 3. Bg2 Bg7 4. c4 0-0 5. 0-0 d5 6. cxd5 Nxd5 7. Nc3 Nc6 8. a3 Re8 9. Qb3 Nb6 10. Ng5 e6 11. f4 a5 12. e3 a4 13. Qd1 e5 14. b4 exf4 15. gxf4 Bf5 16. e4 Bd7 17. Rb1 h6 18. Nf3 Bg4 19. Qe1 Qd3 20. Bb2 Nc4 21. e5 Bxf3 22. Bxf3 Nxd2 23. Be2 Qe3+ 24. Rf2 Nxb1 25. Qxb1 Rad8 26. Ne4 Nd4 27. Bc4 Nf3+ 28. Kg2 Ne1+ 29. Kf1 Nd3 30. Bxd3 Rxd3 31. Nc5 Qh3+ 32. Kg1 Qg4+ 33. Kf1 Rd1+ 34. Qxd1 Qxd1+ 35. Kg2 b6 36. Ne4 Qd5 37. Kf3 Qd3+ 0-1

[Event "Berlin Spandau op"]
[Site "Berlin"]
[Date "2019.12.30"]
[Round "7"]
[White "Weber, Max"]
[Black "Lansky, Georg"]
[Result "1-0"]
[WhiteElo "2245"]
[BlackElo "1987"]
[PlyCount "93"]
[EventDate "2019.12.27"]
[EventType "swiss"]
[EventRounds "7"]
[EventCountry "GER"]
[SourceTitle "CBM 194 Extra"]
[Source "ChessBase"]
[SourceDate "2020.03.31"]
[SourceVersion "1"]
[SourceVersionDate "2020.03.31"]
[SourceQuality "1"]

1. d4 e6 2. Nf3 d5 3. c4 Be7 4. g3 Nf6 5. Bg2 0-0 6. 0-0 dxc4 7. Qc2 a6 8. a4 Bd7 9. Qxc4 Bc6 10. Bf4 Nd5 11. Bd2 Nd7 12. Re1 a5 13. e4 Nb4 14. Bxb4 Bxb4 15. Nc3 Nb6 16. Qb3 Bxc3 17. bxc3 Qe8 18. c4 Bxa4 19. Qc3 Nc8 20. c5 b5 21. d5 Qe7 22. Nd4 b4 23. Qc4 Bd7 24. e5 exd5 25. Bxd5 c6 26. Nxc6 Bxc6 27. Bxc6 Ra7 28. Bd5 Kh8 29. Qb5 Qc7 30. Bg2 Ne7 31. c6 Rc8 32. Red1 Rd8 33. Bf3 h6 34. Rxd8+ Qxd8 35. Rd1 Qe8 36. Qb6 Nc8 37. Qd8 Re7 38. Qxa5 Rxe5 39. Rd8 Kh7 40. Rxe8 Rxa5 41. Rxc8 Rb5 42. Rd8 b3 43. c7 b2 44. Be4+ f5 45. c8Q fxe4 46. Rh8+ Kg6 47. Qe8+ 1-0

[Event "Berlin Spandau op"]
[Site "Berlin"]
[Date "2019.12.29"]
[Round "6"]
[White "Laux, Dominik"]
[Black "Weber, Max"]
[Result "1/2-1/2"]
[WhiteElo "2090"]
[BlackElo "2245"]
[PlyCount "35"]
[EventDate "2019.12.27"]
[EventType "swiss"]
[EventRounds "7"]
[EventCountry "GER"]
[SourceTitle "CBM 194 Extra"]
[Source "ChessBase"]
[SourceDate "2020.03.31"]
[SourceVersion "1"]
[SourceVersionDate "2020.03.31"]
[SourceQuality "1"]

1. d4 Nf6 2. Bg5 Ne4 3. Bf4 d5 4. e3 c5 5. Bd3 Nf6 6. c3 Qb6 7. Qc2 Nc6 8. Nd2 g6 9. Ngf3 Bg7 10. 0-0 0-0 11. dxc5 Qxc5 12. e4 dxe4 13. Nxe4 Nxe4 14. Bxe4 Bg4 15. Rfe1 Rac8 16. Rad1 Rfd8 17. Rxd8+ Rxd8 18. Rd1 1/2-1/2

[Event "Berlin Spandau op"]
[Site "Berlin"]
[Date "2019.12.29"]
[Round "5"]
[White "Weber, Max"]
[Black "Heimann, Alexander"]
[Result "1-0"]
[WhiteElo "2245"]
[BlackElo "1819"]
[PlyCount "85"]
[EventDate "2019.12.27"]
[EventType "swiss"]
[EventRounds "7"]
[EventCountry "GER"]
[SourceTitle "CBM 194 Extra"]
[Source "ChessBase"]
[SourceDate "2020.03.31"]
[SourceVersion "1"]
[SourceVersionDate "2020.03.31"]
[SourceQuality "1"]

1. Nf3 Nf6 2. c4 c5 3. g3 g6 4. Bg2 Bg7 5. Nc3 0-0 6. d4 cxd4 7. Nxd4 Nc6 8. 0-0 Nxd4 9. Qxd4 d6 10. Qd3 a6 11. Be3 Qc7 12. Rac1 Be6 13. b3 Rac8 14. Rfd1 Nd7 15. Nd5 Bxd5 16. Qxd5 b6 17. b4 Rfd8 18. Qe4 Re8 19. Qb7 a5 20. c5 bxc5 21. bxa5 Qxa5 22. Qxd7 Qxa2 23. Qg4 h5 24. Qc4 Qxc4 25. Rxc4 Rb8 26. Rc2 Rb4 27. Bd2 Rb6 28. Ba5 Rb3 29. h4 Reb8 30. Bf3 Ra3 31. Bd2 Bd4 32. Kg2 Kg7 33. Bg5 f6 34. Bc1 Ra1 35. e3 Be5 36. Be2 f5 37. Bd2 Ra3 38. Bc4 Bf6 39. Ra2 Rxa2 40. Bxa2 Rb2 41. Be6 Rc2 42. Kf1 Bb2 43. Bb3 1-0

[Event "Berlin Spandau op"]
[Site "Berlin"]
[Date "2019.12.27"]
[Round "2"]
[White "Weber, Max"]
[Black "Makilla, Tobias"]
[Result "1-0"]
[WhiteElo "2245"]
[BlackElo "1943"]
[PlyCount "43"]
[EventDate "2019.12.27"]
[EventType "swiss"]
[EventRounds "7"]
[EventCountry "GER"]
[SourceTitle "CBM 194 Extra"]
[Source "ChessBase"]
[SourceDate "2020.03.31"]
[SourceVersion "1"]
[SourceVersionDate "2020.03.31"]
[SourceQuality "1"]

1. Nf3 Nc6 2. d4 d5 3. c4 Bg4 4. Nc3 Bxf3 5. exf3 Nf6 6. Bg5 e6 7. cxd5 exd5 8. Bb5 Be7 9. 0-0 0-0 10. Bxc6 bxc6 11. Na4 h6 12. Bh4 Rb8 13. Rc1 Qd7 14. b3 Ba3 15. Rc2 Ne8 16. Nc5 Qc8 17. Be7 Nd6 18. Bxf8 Kxf8 19. Qe2 Rb4 20. Rd1 Nf5 21. Qe5 f6 22. Ne6+ 1-0

[Event "Oberliga Nord O 1920"]
[Site "Germany"]
[Date "2019.11.24"]
[Round "3.5"]
[White "Weber, Max"]
[Black "Niehaus, Frank"]
[Result "1-0"]
[WhiteElo "2245"]
[BlackElo "2101"]
[PlyCount "105"]
[EventDate "2019.09.29"]
[EventType "team-tourn"]
[EventRounds "9"]
[EventCountry "GER"]
[SourceTitle "CBM 195 Extra"]
[Source "ChessBase"]
[SourceDate "2020.05.31"]
[SourceVersion "1"]
[SourceVersionDate "2020.05.31"]
[SourceQuality "1"]

1. Nf3 Nf6 2. c4 g6 3. Nc3 Bg7 4. e4 d6 5. d4 0-0 6. Be2 e5 7. 0-0 Nc6 8. dxe5 dxe5 9. Bg5 Qxd1 10. Rfxd1 Bg4 11. h3 Bxf3 12. Bxf3 Nd4 13. Nd5 Nxd5 14. cxd5 f5 15. Kf1 Rf7 16. Bd2 Bf8 17. Rac1 Bd6 18. Be3 fxe4 19. Bxe4 Nf5 20. Bxf5 gxf5 21. Bc5 Bxc5 22. Rxc5 Rd8 23. Rdc1 Rdd7 24. Ke2 Kf8 25. Ke3 Ke8 26. f4 exf4+ 27. Kxf4 Kd8 28. Rd1 Rd6 29. Rc3 Ra6 30. a3 Rd6 31. Re3 Kd7 32. Re5 Rdf6 33. Rde1 Kd6 34. R1e2 Rg6 35. Rxf5 Rxf5+ 36. Kxf5 Kxd5 37. g4 Rh6 38. Rh2 Kd6 39. g5 Rg6 40. h4 c5 41. h5 Rg8 42. Kf6 b5 43. Rd2+ Kc6 44. g6 hxg6 45. hxg6 a5 46. Kf7 Rh8 47. g7 Rh7 48. Kf8 Rxg7 49. Kxg7 c4 50. Kf6 Kc5 51. Ke5 b4 52. Rd5+ Kb6 53. axb4 1-0

[Event "Rostock SSC op 18th"]
[Site "Rostock"]
[Date "2019.08.10"]
[Round "6"]
[White "Weber, Max"]
[Black "Schmidt, Peter2222"]
[Result "1-0"]
[WhiteElo "2233"]
[BlackElo "2116"]
[PlyCount "153"]
[EventDate "2019.08.07"]
[EventType "swiss"]
[EventRounds "7"]
[EventCountry "GER"]
[SourceTitle "EXT 2020"]
[Source "ChessBase"]
[SourceDate "2019.10.17"]
[SourceVersion "1"]
[SourceVersionDate "2019.10.17"]
[SourceQuality "1"]

1. d4 g6 2. e4 Bg7 3. Nf3 d6 4. Bc4 e6 5. Bb3 Nf6 6. Nbd2 0-0 7. 0-0 Nc6 8. c3 e5 9. Re1 Nd7 10. Nf1 h6 11. Ng3 Re8 12. h4 Qe7 13. h5 Kh7 14. Be3 Nf6 15. Nd2 Ng4 16. Ndf1 Qf6 17. Qf3 Rf8 18. Qxf6 Bxf6 19. d5 Nxe3 20. Nxe3 Ne7 21. Bd1 Bg5 22. Ngf1 f5 23. hxg6+ Kxg6 24. exf5+ Nxf5 25. Bc2 Kg7 26. Nxf5+ Bxf5 27. Bxf5 Rxf5 28. Ng3 Rf7 29. Ne4 Bh4 30. g3 Bg5 31. Kg2 Raf8 32. Rad1 Rf3 33. c4 b6 34. Re2 a5 35. Rc2 Kg6 36. Rc3 Rxc3 37. Nxc3 h5 38. Rd3 h4 39. Ne4 Rh8 40. Rf3 Be7 41. b3 Rh7 42. g4 Rh8 43. Kh3 Rh7 44. Rf5 Rh8 45. Nc3 Bd8 46. Nb5 Rg8 47. Nc3 Rh8 48. f4 exf4 49. Ne2 Bg5 50. Nd4 Bf6 51. Ne6 Be5 52. Nxc7 a4 53. Ne6 axb3 54. axb3 Ra8 55. Nxf4+ Bxf4 56. Rxf4 Ra3 57. Rf3 Kg5 58. Rf5+ Kg6 59. Rf3 Kg5 60. Rf5+ Kg6 61. Rf8 Kg5 62. Rg8+ Kf4 63. Kxh4 Rxb3 64. Rg6 b5 65. cxb5 Rb1 66. Rf6+ Ke4 67. Rxd6 Rxb5 68. Kg5 Ke5 69. Rd8 Rb1 70. Kg6 Rg1 71. g5 Rg2 72. Kh6 Kf5 73. Rf8+ Ke5 74. g6 Kxd5 75. g7 Rh2+ 76. Kg6 Rg2+ 77. Kf6 1-0

[Event "Rostock SSC op 18th"]
[Site "Rostock"]
[Date "2019.08.09"]
[Round "5"]
[White "Kotyk, Michael"]
[Black "Weber, Max"]
[Result "1/2-1/2"]
[WhiteElo "1998"]
[BlackElo "2233"]
[PlyCount "113"]
[EventDate "2019.08.07"]
[EventType "swiss"]
[EventRounds "7"]
[EventCountry "GER"]
[SourceTitle "EXT 2020"]
[Source "ChessBase"]
[SourceDate "2019.10.17"]
[SourceVersion "1"]
[SourceVersionDate "2019.10.17"]
[SourceQuality "1"]

1. Nf3 c5 2. b3 d5 3. Bb2 Nf6 4. e3 g6 5. Bb5+ Bd7 6. Qe2 Bg7 7. 0-0 0-0 8. a4 Bg4 9. d4 Ne4 10. Rd1 Qc7 11. c3 Nc6 12. dxc5 Nxc5 13. b4 Ne4 14. Rxd5 Ne5 15. Bd3 e6 16. Rxe5 Qxe5 17. Nxe5 Bxe2 18. Bxe4 Bxe5 19. f4 Bg7 20. Kf2 Bc4 21. Bxb7 Rad8 22. b5 Bd5 23. Bxd5 Rxd5 24. e4 Rd1 25. Ke2 Rfd8 26. a5 Rg1 27. Kf2 Rgd1 28. Ke2 Rh1 29. b6 axb6 30. axb6 Rb8 31. b7 Bf8 32. Ra8 Rxb1 33. Rxb8 Rxb2+ 34. Kd3 Kg7 35. e5 Bc5 36. Rc8 Ba7 37. Rc7 Rxg2 38. c4 Rb2 39. Kc3 Rb1 40. Kc2 Rb4 41. Kc3 Rb1 42. Kc2 Bb8 43. Rd7 Rb6 44. Kc3 g5 45. c5 Rb1 46. fxg5 Ba7 47. Rc7 Bxc5 48. Rxc5 Rxb7 49. Rc4 Kg6 50. h4 Kf5 51. Kd4 Rd7+ 52. Ke3 Kxe5 53. Rc5+ Kd6 54. Rc8 Ke5 55. Rc5+ Kd6 56. Rc8 Ke5 57. Rc5+ 1/2-1/2

[Event "Rostock SSC op 18th"]
[Site "Rostock"]
[Date "2019.08.07"]
[Round "1"]
[White "Loesche, Marian"]
[Black "Weber, Max"]
[Result "0-1"]
[WhiteElo "1733"]
[BlackElo "2233"]
[PlyCount "65"]
[EventDate "2019.08.07"]
[EventType "swiss"]
[EventRounds "7"]
[EventCountry "GER"]
[SourceTitle "EXT 2020"]
[Source "ChessBase"]
[SourceDate "2019.10.17"]
[SourceVersion "1"]
[SourceVersionDate "2019.10.17"]
[SourceQuality "1"]

1. d4 Nf6 2. c4 g6 3. Nc3 d5 4. g3 Bg7 5. Bg2 dxc4 6. Qa4+ c6 7. Qxc4 Be6 8. Qb4 Qb6 9. Qxb6 axb6 10. e4 Na6 11. e5 Nd7 12. Nge2 Nb4 13. 0-0 Nc2 14. Rb1 Bxa2 15. Nxa2 Rxa2 16. Be4 Nb4 17. Bd2 f5 18. Bxb4 fxe4 19. Nc3 Ra8 20. Nxe4 c5 21. dxc5 Bxe5 22. cxb6 Ra4 23. Bxe7 Rxe4 24. Ba3 Kf7 25. Rfd1 Nxb6 26. Bc5 Bc7 27. f3 Re6 28. b4 Rd8 29. Rdc1 Nd7 30. Bf2 Bb6 31. Bc5 Rc6 32. Rd1 Nxc5 33. bxc5 0-1

[Event "GER CupT final"]
[Site "Wolfhagen"]
[Date "2019.05.18"]
[Round "1.1"]
[White "Weber, Max"]
[Black "Movsesian, Sergei"]
[Result "0-1"]
[WhiteElo "2240"]
[BlackElo "2645"]
[PlyCount "92"]
[EventDate "2019.05.18"]
[EventType "team-k.o."]
[EventRounds "2"]
[EventCountry "GER"]
[SourceTitle "CBM 190 Extra"]
[Source "ChessBase"]
[SourceDate "2019.07.15"]
[SourceVersion "1"]
[SourceVersionDate "2019.07.15"]
[SourceQuality "1"]
[WhiteTeam "Greifswald"]
[BlackTeam "Baden-Baden"]
[WhiteTeamCountry "GER"]
[BlackTeamCountry "GER"]

1. d4 Nf6 2. c4 d6 3. Nf3 Nbd7 4. Nc3 e5 5. e4 g6 6. g3 Bg7 7. Bg2 0-0 8. 0-0 c6 9. h3 a6 10. Re1 Re8 11. Be3 exd4 12. Nxd4 Nc5 13. Qc2 Bd7 14. Rad1 Qc7 15. b4 Ne6 16. c5 dxc5 17. Nxe6 Bxe6 18. Bxc5 Rad8 19. Na4 b5 20. Nc3 Nd7 21. Bd6 Qc8 22. Ne2 Ne5 23. Kh2 Nc4 24. Bc5 h5 25. h4 Ne5 26. f3 Bc4 27. Nd4 Nd7 28. Nb3 Nxc5 29. Nxc5 a5 30. bxa5 Qc7 31. Nb3 Bf8 32. Rxd8 Rxd8 33. Rd1 Bb4 34. f4 Bxa5 35. Nxa5 Qxa5 36. Rxd8+ Qxd8 37. e5 Qa8 38. a3 Qxa3 39. Bxc6 Bd3 40. Qd1 b4 41. Bd5 Qb2+ 42. Kh1 Qc2 43. Qa1 Be4+ 44. Bxe4 Qxe4+ 45. Kh2 b3 46. Qa7 Qc2+ 0-1

[Event "Oberliga Nord O 1819"]
[Site "Germany"]
[Date "2019.04.07"]
[Round "9.3"]
[White "Weber, Max"]
[Black "Gazmaga, Stefan"]
[Result "1/2-1/2"]
[WhiteElo "2238"]
[BlackElo "2156"]
[PlyCount "84"]
[EventDate "2018.10.21"]
[EventType "team-tourn"]
[EventRounds "9"]
[EventCountry "GER"]
[SourceTitle "EXT 2020"]
[Source "ChessBase"]
[SourceDate "2019.10.17"]
[SourceVersion "1"]
[SourceVersionDate "2019.10.17"]
[SourceQuality "1"]
[WhiteTeam "Greifswald"]
[BlackTeam "Berlin Makkabi"]
[WhiteTeamCountry "GER"]
[BlackTeamCountry "GER"]

1. d4 Nf6 2. c4 e6 3. Nf3 Bb4+ 4. Nbd2 d5 5. Qa4+ Nc6 6. e3 0-0 7. Bd3 Ne4 8. a3 Nxd2 9. Bxd2 Bxd2+ 10. Nxd2 Qg5 11. 0-0 Nxd4 12. cxd5 Nf5 13. Nf3 Qf6 14. Rac1 exd5 15. Rxc7 Nd6 16. Qb4 Rd8 17. Nd4 Qg5 18. Nf3 Qh5 19. Qf4 h6 20. Nd4 Qg5 21. Qxg5 hxg5 22. Nb5 Ne8 23. Rc5 Be6 24. Rfc1 a6 25. Nc7 Nxc7 26. Rxc7 Rac8 27. Kf1 Kf8 28. R1c3 Rxc7 29. Rxc7 Rd7 30. Rc8+ Ke7 31. Ke2 Rd8 32. Rxd8 Kxd8 33. Kd2 a5 34. Kc3 Kc7 35. b4 b6 36. bxa5 bxa5 37. Kd4 Kd6 38. Bc2 Bd7 39. Bd1 f6 40. Bb3 Bc6 41. Ba2 Bb7 42. Bb3 Bc6 1/2-1/2

[Event "GER CupT 1819 Round2 (4)"]
[Site "Weyhe Kirchweyhe"]
[Date "2019.03.16"]
[Round "1.2"]
[White "Weber, Max"]
[Black "Rohne, Lars"]
[Result "1-0"]
[WhiteElo "2215"]
[BlackElo "2155"]
[PlyCount "47"]
[EventDate "2019.03.16"]
[EventType "team-k.o."]
[EventRounds "2"]
[EventCountry "GER"]
[SourceTitle "EXT 2021"]
[Source "ChessBase"]
[SourceDate "2020.10.23"]
[SourceVersion "1"]
[SourceVersionDate "2020.10.23"]
[SourceQuality "1"]
[WhiteTeam "Greifswald"]
[BlackTeam "Leipzig VfB"]
[WhiteTeamCountry "GER"]
[BlackTeamCountry "GER"]

1. Nf3 d5 2. c4 e6 3. g3 Nf6 4. Bg2 dxc4 5. Qa4+ Bd7 6. Qxc4 Nc6 7. d4 Bd6 8. 0-0 0-0 9. Nc3 a6 10. e4 b5 11. Qd3 b4 12. Ne2 e5 13. Be3 Ng4 14. Bg5 Be7 15. Bxe7 Qxe7 16. h3 Nf6 17. Rac1 Qd6 18. Rfd1 exd4 19. Nfxd4 Nxd4 20. Qxd4 Be6 21. e5 Qxd4 22. Nxd4 Nd5 23. Nxe6 fxe6 24. Rxd5 1-0

[Event "Oberliga Nord O 1819"]
[Site "Germany"]
[Date "2019.02.03"]
[Round "6.3"]
[White "Nitsche Hahn, Raphael"]
[Black "Weber, Max"]
[Result "1-0"]
[WhiteElo "2045"]
[BlackElo "2238"]
[PlyCount "61"]
[EventDate "2018.10.21"]
[EventType "team-tourn"]
[EventRounds "9"]
[EventCountry "GER"]
[SourceTitle "EXT 2020"]
[Source "ChessBase"]
[SourceDate "2019.10.17"]
[SourceVersion "1"]
[SourceVersionDate "2019.10.17"]
[SourceQuality "1"]
[WhiteTeam "Berlin Empor"]
[BlackTeam "Greifswald"]
[WhiteTeamCountry "GER"]
[BlackTeamCountry "GER"]

1. d4 Nf6 2. Bf4 g6 3. e3 Bg7 4. Nf3 0-0 5. Be2 d6 6. h3 c5 7. 0-0 b6 8. c3 Bb7 9. a4 a6 10. Nbd2 Nbd7 11. Qb3 Ra7 12. c4 cxd4 13. exd4 Ne4 14. Rfd1 Nxd2 15. Rxd2 d5 16. Ne5 Nxe5 17. dxe5 e6 18. Bf3 d4 19. Rad1 Bxf3 20. Qxf3 Qc7 21. Rxd4 Raa8 22. Qe4 Rfd8 23. Bg5 Rdc8 24. Bf6 h6 25. Bxg7 Kxg7 26. Qf4 Qc6 27. Rd7 Rf8 28. b3 Qc5 29. Qf6+ Kg8 30. R1d3 Qb4 31. Rf3 1-0